000 01171cab a22002055a 4500
001 L146753
008 090224e20090220xxk f v 000 0 eng d
035 _a(Sirsi) u146753
041 0 _aeng
100 1 _aGordon, Warren
245 0 0 _aVirtual reality
260 _c2009
490 0 _aProperty Week
_v75(8) 20 February 2009, 50(1)
520 _aSummarises the case of [2009] EWCH 77 (Ch), 23 January 2009 (see L14667). The case is probably the first occasion on which the courts were required to consider the implications of a virtual lease assignment in the context of a claim for the alleged breach of a tenant's alienation covenants in a commercial lease. Held: declaration granted in favour of claimant. The virtual assignment was not in breach of the covenants restricting underletting, assignment or executions of declarations of trust. However, it was in breach of the covenant restricting the parting with or sharing of possession of the premises.
590 _aKA
650 2 4 _aCLARENCE HOUSE LTD V NATIONAL WESTMINSTER BANK PLC
651 4 _aEngland and Wales
_y1543-
690 _aPROPERTY-LEASEHOLD PROPERTY-LANDLORD AND TENANT-TENANCIES
942 _n0
999 _c81276
_d81276